<?xml version="1.0" encoding="UTF-8"?><?xml-stylesheet type="text/xsl" href="static/style.xsl"?><OAI-PMH xmlns="http://www.openarchives.org/OAI/2.0/" xmlns:xsi="http://www.w3.org/2001/XMLSchema-instance" xsi:schemaLocation="http://www.openarchives.org/OAI/2.0/ http://www.openarchives.org/OAI/2.0/OAI-PMH.xsd"><responseDate>2026-04-27T14:39:38Z</responseDate><request verb="GetRecord" identifier="oai:uvadoc.uva.es:10324/6072" metadataPrefix="marc">https://uvadoc.uva.es/oai/request</request><GetRecord><record><header><identifier>oai:uvadoc.uva.es:10324/6072</identifier><datestamp>2021-07-02T07:47:11Z</datestamp><setSpec>com_10324_30605</setSpec><setSpec>com_10324_894</setSpec><setSpec>col_10324_41</setSpec></header><metadata><record xmlns="http://www.loc.gov/MARC21/slim" xmlns:doc="http://www.lyncode.com/xoai" xmlns:xsi="http://www.w3.org/2001/XMLSchema-instance" xmlns:dcterms="http://purl.org/dc/terms/" xsi:schemaLocation="http://www.loc.gov/MARC21/slim http://www.loc.gov/standards/marcxml/schema/MARC21slim.xsd">
<leader>00925njm 22002777a 4500</leader>
<datafield tag="042" ind1=" " ind2=" ">
<subfield code="a">dc</subfield>
</datafield>
<datafield tag="720" ind1=" " ind2=" ">
<subfield code="a">Barrientos Lezcano, Francisco Javier</subfield>
<subfield code="e">author</subfield>
</datafield>
<datafield tag="260" ind1=" " ind2=" ">
<subfield code="c">2014</subfield>
</datafield>
<datafield tag="520" ind1=" " ind2=" ">
<subfield code="a">El tejido adiposo contiene una población de células madre mesenquimales (ATMSC), prometedoras en el&#xd;
ámbito de la ingeniería tisular ósea.&#xd;
OBJETIVO:&#xd;
Estudiar los efectos de la implantación de ATMSC indiferenciadas autólogas en un modelo de regeneración&#xd;
ósea ortotópica en ratas.&#xd;
MATERIAL Y MÉTODOS:&#xd;
Modelo formado por 12 ratas Wistar con un defecto óseo mandibular bilateral de tamaño crítico, implantando&#xd;
en cada animal hidroxiapatita coralina (HAC) con y sin ATMSC. Los resultados fueron analizados a las 3 y 6&#xd;
semanas.&#xd;
RESULTADOS:&#xd;
Las ATMSC proliferaron en cultivo preservando su capacidad osteogénica. La HAC fue apta para la&#xd;
vehiculización celular, pero aisladamente su capacidad reparativa fue discreta. En la regeneración ósea se&#xd;
constató un incremento estadísticamente significativo (P&lt;0.05) en el grupo experimental y una mayor&#xd;
especialización tisular.&#xd;
CONCLUSIÓN:&#xd;
El tejido adiposo interescapular de la rata permite aislar ATMSC, que en este estudio han potenciado la&#xd;
regeneración ósea en defectos mandibulares de tamaño crítico.</subfield>
</datafield>
<datafield tag="024" ind2=" " ind1="8">
<subfield code="a">http://uvadoc.uva.es/handle/10324/6072</subfield>
</datafield>
<datafield tag="024" ind2=" " ind1="8">
<subfield code="a">b1677510</subfield>
</datafield>
<datafield tag="024" ind2=" " ind1="8">
<subfield code="a">10.35376/10324/6072</subfield>
</datafield>
<datafield ind1=" " ind2=" " tag="653">
<subfield code="a">Adiposo, Tejido</subfield>
</datafield>
<datafield ind1=" " ind2=" " tag="653">
<subfield code="a">Células madre</subfield>
</datafield>
<datafield ind1=" " ind2=" " tag="653">
<subfield code="a">Huesos-Regeneración</subfield>
</datafield>
<datafield tag="245" ind1="0" ind2="0">
<subfield code="a">Regeneración ósea mandibular con células madre mesenquimales del tejido adiposo autólogo combinadas con una matriz granulada de Hidroxiapatita Coralina: Estudio experimental de ingeniería tisular ósea en la rata</subfield>
</datafield>
</record></metadata></record></GetRecord></OAI-PMH>